000 00797nam a2200289Ia 4500
003 OSt
005 20221006144354.0
006 a|||||r|||| 00| 0
007 ta
008 221006b |||||||| |||| 00| 0 eng d
020 _a9780094672000
_c196.00
024 _a11,536
037 _cTextual
040 _aEASL
_cEASL
_beng
041 _2eng
_aeng
082 _aU8.41-498.N8, M6
100 _aDRYSDALE Helena
_9651841
245 0 _aAlone through China and Tibet
260 _aLondon
_bConstable
_c1986
300 _a207p.
_ccm.
490 _v CEL
650 _a CEL
650 _a Tibet - China Description and travel
_9651842
650 _aChina - Description and travel
942 _hU8.41-498.N8, M6
_cTEXL
_2CC
999 _c1079622
_d1079622